Justice versus Judiciary: (Record no. 167333)

MARC details
000 -LEADER
fixed length control field 00648nam a22001937a 4500
005 - DATE AND TIME OF LATEST TRANSACTION
control field 20190828141757.0
010 ## - LCCN (DPL NO)
LC control number ENG-126355
020 ## - INTERNATIONAL STANDARD BOOK NUMBER
Terms of availability 995.00
International Standard Book Number 978-0-19-949049-3
035 ## - SYSTEM CONTROL NUMBER
System control number EN-109887
037 ## - SOURCE OF ACQUISITION
Source of stock number/acquisition DBAD/PUB
082 ## - DEWEY DECIMAL CLASSIFICATION NUMBER
Classification number 347.54
100 ## - MAIN ENTRY--PERSONAL NAME
Personal name Ranjan, Sudhanshu
245 ## - TITLE STATEMENT
Title Justice versus Judiciary:
Statement of responsibility, etc by Sudhanshu Ranjan
Remainder of title Justice Enthroned or Entangled in India? /
260 ## - PUBLICATION, DISTRIBUTION, ETC. (IMPRINT)
Place of publication, distribution, etc New Delhi
Name of publisher, distributor, etc Oxford University Press
Date of publication, distribution, etc 2019
270 ## - ADDRESS
City New Delhi
Postal code 110002
Address 2/11 Ground Floor, Ansari Road, Daryaganj
300 ## - PHYSICAL DESCRIPTION
Extent xiii385p.
Dimensions 23cm(hb)
500 ## - GENERAL NOTE
General note Includes index and bibliography.
942 ## - ADDED ENTRY ELEMENTS (KOHA)
Source of classification or shelving scheme Dewey Decimal Classification
Item type English Books
Classification part 347.54
Call number suffix RAN
Holdings
Withdrawn status Lost status Not for loan Collection code Home library Current library Date acquired Source of acquisition Cost, normal purchase price Full call number Barcode Copy number Cost, replacement price Koha item type
      Non-fiction Bawana Bawana 28/08/2019 DBAD/PUB 995.00 347.54 RAN EN-109887 1 995.00 English Books

© Delhi Public Library
Hit Counter
free hit counter